[Event "PRO League Group Stage"]
[Site "chess.com INT"]
[Date "2019.03.07"]
[Round "9"]
[White "Chirila, Ioan-Cristian"]
[Black "Wheeler, Cameron"]
[Result "1-0"]
[WhiteTitle "GM"]
[BlackTitle "IM"]
[WhiteElo "2566"]
[BlackElo "2417"]
[WhiteTeam "San Jose Hackers"]
[BlackTeam "Dallas Destiny"]
[WhiteFideId "1211668"]
[BlackFideId "2060531"]
[EventDate "2019.01.08"]

1. d4 d5 2. c4 c6 3. e3 Nf6 4. Bd3 dxc4 5. Bxc4 e5 6. Qb3 Qe7 7. dxe5 Ne4 8. Nf3
b5 9. Be2 Bd7 10. Nc3 Qb4 11. Qc2 Nxc3 12. bxc3 Qg4 13. O-O Bf5 14. Nd4 Bxc2 15.
Bxg4 Be4 16. a4 Nd7 17. e6 Ne5 18. exf7+ Kxf7 19. Be2 b4 20. f3 Bd3 21. Bxd3
Nxd3 22. Rd1 Nxc1 23. Raxc1 c5 24. Nb5 a6 25. Nc7 Ra7 26. Nd5 b3 27. c4 Rb7 28.
Rb1 Be7 29. a5 Bd8 30. Nb6 Bxb6 31. Rxb3 Rhb8 32. Rdb1 Ke6 33. Kf2 Kd6 34. Ke2
Kc6 35. Rxb6+ Rxb6 36. Rxb6+ Rxb6 37. axb6 Kxb6 38. Kd3 Kc6 39. f4 Kd6 40. e4
Ke6 41. Kc3 h6 42. h4 Kf6 43. Kb3 g5 44. hxg5+ hxg5 45. g3 gxf4 46. gxf4 1-0

[Event "PRO League Group Stage"]
[Site "chess.com INT"]
[Date "2019.03.07"]
[Round "9"]
[White "Zhou, Jianchao"]
[Black "Yoo, Christopher Woojin"]
[Result "1-0"]
[WhiteTitle "GM"]
[BlackTitle "FM"]
[WhiteElo "2609"]
[BlackElo "2388"]
[WhiteTeam "Dallas Destiny"]
[BlackTeam "San Jose Hackers"]
[WhiteFideId "8603537"]
[BlackFideId "30909694"]
[EventDate "2019.01.08"]

1. d4 Nf6 2. c4 g6 3. Nc3 d5 4. Nf3 Bg7 5. cxd5 Nxd5 6. e4 Nxc3 7. bxc3 c5 8.
Be3 O-O 9. Be2 Nc6 10. O-O cxd4 11. cxd4 Bg4 12. d5 Bxa1 13. Qxa1 Bxf3 14. Bxf3
Na5 15. Bh6 f6 16. Bxf8 Qxf8 17. Bg4 f5 18. exf5 gxf5 19. Bf3 Qf6 20. Qc1 Rf8
21. Re1 b5 22. h3 Nc4 23. Re6 Qh4 24. g3 Qd4 25. Rxe7 Nd2 26. Bg2 f4 27. Qc2
Qa1+ 28. Kh2 fxg3+ 29. fxg3 Rf2 30. Qc8+ Rf8 31. Qe6+ Kh8 32. Qh6 Nf1+ 33. Bxf1
Rf2+ 34. Bg2 Rxg2+ 35. Kxg2 Qxa2+ 36. Kf1 Qb1+ 37. Kf2 Qc2+ 38. Re2 Qf5+ 39. Kg1 1-0

[Event "PRO League Group Stage"]
[Site "chess.com INT"]
[Date "2019.03.07"]
[Round "9"]
[White "Gorovets, Andrey"]
[Black "Taghizadeh, Rayan"]
[Result "1-0"]
[WhiteTitle "GM"]
[BlackTitle "FM"]
[WhiteElo "2509"]
[BlackElo "2298"]
[WhiteTeam "Dallas Destiny"]
[BlackTeam "San Jose Hackers"]
[WhiteFideId "13504037"]
[BlackFideId "2054019"]
[EventDate "2019.01.08"]

1. d4 Nf6 2. Bf4 e6 3. e3 d5 4. Nd2 Bd6 5. Ngf3 O-O 6. c3 c5 7. Bg3 Qc7 8. Ne5
Nbd7 9. f4 Ne4 10. Nxe4 dxe4 11. Nc4 cxd4 12. Nxd6 Qxd6 13. exd4 f5 14. Qd2 b6
15. Be2 Bb7 16. Qe3 Nf6 17. c4 Qb4+ 18. Qd2 Qxd2+ 19. Kxd2 e3+ 20. Kxe3 Bxg2 21.
Rhg1 Bb7 22. Bh4 Kf7 23. a4 Ne4 24. a5 Rfc8 25. Ra3 Nd6 26. Rc1 b5 27. c5 Nc4+
28. Bxc4 bxc4 29. Rxc4 Bd5 30. Rb4 Rab8 31. Be1 Rxb4 32. Bxb4 Rb8 33. Bc3 a6 34.
Ra4 h6 35. h4 g5 36. fxg5 hxg5 37. hxg5 Kg6 38. Kf4 Rh8 39. Ra1 Rh2 40. Rg1 Re2
41. Re1 Rf2+ 42. Ke5 Kxg5 43. Kd6 f4 44. c6 Rh2 45. c7 Rh8 46. Kd7 Bb7 47. d5
Rh7+ 48. Kd8 exd5 49. Re5+ Kg4 50. c8=Q+ Bxc8 51. Kxc8 f3 52. Bd4 Rh2 53. Rxd5
f2 54. Bxf2 Rxf2 55. b4 Rf6 56. Kb7 Kf4 57. Rc5 Ke3 58. Rc6 Rf4 59. Rb6 Kd4 60.
Kxa6 Kc4 61. b5 Kd5 62. Rh6 Rf8 63. b6 Ra8+ 64. Kb5 1-0

[Event "PRO League Group Stage"]
[Site "chess.com INT"]
[Date "2019.03.07"]
[Round "9"]
[White "Sarana, Alexey"]
[Black "Costello, Alexander"]
[Result "1-0"]
[WhiteTitle "GM"]
[WhiteElo "2630"]
[BlackElo "2231"]
[WhiteTeam "Australia Kangaroos"]
[BlackTeam "San Diego Surfers"]
[WhiteFideId "24133795"]
[BlackFideId "2099659"]
[EventDate "2019.01.08"]

1. d4 Nf6 2. c4 g6 3. Nc3 d5 4. Bf4 Bg7 5. e3 O-O 6. Rc1 c6 7. Nf3 Be6 8. Qb3
Qb6 9. c5 Qxb3 10. axb3 Nbd7 11. h3 h6 12. b4 b6 13. Ba6 bxc5 14. bxc5 Bf5 15.
Bb7 Rad8 16. Bxc6 e6 17. O-O Ne4 18. Ra1 e5 19. Bxd7 exf4 20. Bxf5 gxf5 21. exf4
Rb8 22. Nxd5 Rxb2 23. Rxa7 Nd2 24. Ne7+ Kh7 25. Nxd2 Rxd2 26. Nxf5 Bxd4 27. Nxd4
Rxd4 28. g3 Rc4 29. Rc7 Kg6 30. Rd1 Rc2 31. Rd6+ Kf5 32. Kg2 f6 33. Rd5+ Ke4 34.
Rd6 h5 35. Re7+ Kf5 36. Rd5+ Kg6 37. h4 f5 38. Rd6+ Rf6 39. Ree6 Rxe6 40. Rxe6+
Kf7 41. Rh6 Rxc5 42. Rxh5 Kg6 43. Rg5+ Kf6 44. g4 1-0

[Event "PRO League Group Stage"]
[Site "chess.com INT"]
[Date "2019.03.07"]
[Round "9"]
[White "Illingworth, Max"]
[Black "Sam, Gabriel"]
[Result "1-0"]
[WhiteTitle "GM"]
[WhiteElo "2501"]
[BlackElo "2185"]
[WhiteTeam "Australia Kangaroos"]
[BlackTeam "San Diego Surfers"]
[WhiteFideId "3205207"]
[BlackFideId "75000776"]
[EventDate "2019.01.08"]

1. Nf3 Nf6 2. c4 c5 3. Nc3 Nc6 4. e3 d6 5. d4 cxd4 6. exd4 Bg4 7. Be2 g6 8. O-O
Bg7 9. Be3 O-O 10. Rc1 Rc8 11. b3 a6 12. h3 Bxf3 13. Bxf3 Nd7 14. d5 Ncb8 15.
Qd2 a5 16. Nb5 Na6 17. Rfe1 Nac5 18. Bd1 Ra8 19. Bc2 Re8 20. Bg5 Bf6 21. h4 Bxg5
22. hxg5 Nf8 23. f4 Qd7 24. Rcd1 Ra6 25. a3 Raa8 26. Re3 b6 27. Qf2 Rad8 28. b4
Na6 29. Ba4 axb4 30. axb4 Nxb4 31. Qb2 Na6 32. Nc3 Qc7 33. Bxe8 Rxe8 34. Qb5 Qc5
35. Re1 Qxb5 36. cxb5 Nb4 37. Rxe7 Rc8 38. Ne4 Nxd5 39. Nf6+ Nxf6 40. gxf6 Ne6
41. Rd1 h5 42. Rxd6 Nxf4 43. Rdd7 Rf8 44. g3 Ne6 45. Rb7 Nd4 46. Rxb6 Nf5 47.
Rd7 Nxg3 48. Rc6 Re8 49. b6 h4 50. b7 Ne2+ 51. Kf2 1-0

[Event "PRO League Group Stage"]
[Site "chess.com INT"]
[Date "2019.03.07"]
[Round "9"]
[White "Dreev, Aleksey"]
[Black "Fernandez, Daniel Howard"]
[Result "1/2-1/2"]
[WhiteTitle "GM"]
[BlackTitle "GM"]
[WhiteElo "2670"]
[BlackElo "2465"]
[WhiteTeam "San Diego Surfers"]
[BlackTeam "Australia Kangaroos"]
[WhiteFideId "4100107"]
[BlackFideId "5801605"]
[EventDate "2019.01.08"]

1. d4 Nf6 2. Nf3 g6 3. g3 Bg7 4. Bg2 O-O 5. O-O d6 6. b3 e5 7. dxe5 dxe5 8. Ba3
Qxd1 9. Rxd1 Re8 10. Nc3 e4 11. Nd4 c6 12. e3 a5 13. h3 h5 14. Bd6 Nbd7 15. Rd2
Bf8 16. Bxf8 Kxf8 17. Na4 b5 18. Nc3 Bb7 19. a3 Nc5 20. Rdd1 b4 21. Na2 Nd5 22.
Bf1 bxa3 23. Nc1 a4 24. Rxa3 axb3 25. Rxa8 Rxa8 26. Ncxb3 Nxb3 27. Nxb3 Ra2 28.
Nc5 Bc8 29. c4 Nb6 30. Nxe4 Be6 31. Rc1 Ke7 32. Nc5 Nd7 33. Nd3 Ra4 34. Nf4 Ne5
35. Nxe6 Kxe6 36. Be2 Ra2 37. Kf1 Rb2 38. c5 Ke7 39. f4 Nd7 40. Rc4 Ra2 41. Bf3
Ra5 42. Bxc6 Rxc5 43. Re4+ Kd6 44. Bxd7 Kxd7 45. Kf2 Ra5 46. Kf3 Ra1 47. Re5 f6
48. Re4 Rf1+ 49. Kg2 Ra1 50. Rb4 Ke6 51. Rb6+ Kf7 52. g4 hxg4 53. hxg4 f5 54.
Rb7+ Ke6 55. g5 Kd5 56. Re7 Ra6 57. Kf3 Rb6 58. Rf7 Rc6 59. Ke2 Rb6 60. Rf8 Rc6
61. Kd3 Rd6 62. Ke2 Kc6 63. Re8 Kd7 64. Re5 Ra6 65. Kf3 Rb6 66. e4 Rb3+ 67. Ke2
fxe4 68. Rxe4 Ra3 69. Kf2 Rb3 70. Re3 Rxe3 71. Kxe3 Ke7 72. Kd3 Kd7 73. Kc4 Ke6
74. Kd4 Kd6 75. Ke3 Ke7 76. Kf3 Kf7 77. Ke3 Ke7 78. Kd4 Kd6 79. Kd3 Kd7 80. Kc3
Ke7 81. Kc4 Ke6 82. Kd4 Kd6 83. Ke3 Ke7 1/2-1/2

[Event "PRO League Group Stage"]
[Site "chess.com INT"]
[Date "2019.03.07"]
[Round "9"]
[White "Brown, Michael William"]
[Black "Clarke, Brandon G I"]
[Result "1/2-1/2"]
[WhiteTitle "IM"]
[BlackTitle "FM"]
[WhiteElo "2524"]
[BlackElo "2400"]
[WhiteTeam "San Diego Surfers"]
[BlackTeam "Australia Kangaroos"]
[WhiteFideId "2037602"]
[BlackFideId "400319"]
[EventDate "2019.01.08"]

1. Nf3 Nf6 2. c4 g6 3. Nc3 Bg7 4. e4 d6 5. d4 O-O 6. Be2 e5 7. Be3 exd4 8. Nxd4
Re8 9. f3 c6 10. Bf2 d5 11. exd5 cxd5 12. c5 Nc6 13. O-O Bf8 14. Kh1 Bd7 15. Rc1
Rc8 16. Nb3 Bf5 17. Bb5 a6 18. Bxc6 bxc6 19. Qd2 Nd7 20. Na4 Ne5 21. Nd4 Qf6 22.
Nb6 Rcd8 23. Nxf5 Qxf5 24. Rcd1 Nxf3 25. gxf3 Qxf3+ 26. Kg1 Re4 27. b4 Qg4+ 28.
Kh1 Qf3+ 29. Kg1 Qg4+ 30. Kh1 Qf3+ 31. Kg1 Qg4+ 32. Kh1 1/2-1/2

[Event "PRO League Group Stage"]
[Site "chess.com INT"]
[Date "2019.03.07"]
[Round "9"]
[White "Sargissian, Gabriel"]
[Black "Li, Di"]
[Result "1/2-1/2"]
[WhiteTitle "GM"]
[BlackTitle "IM"]
[WhiteElo "2689"]
[BlackElo "2488"]
[WhiteTeam "Seattle Sluggers"]
[BlackTeam "Chengdu Pandas"]
[WhiteFideId "13300881"]
[BlackFideId "8607508"]
[EventDate "2019.01.08"]

1. c4 c5 2. Nf3 Nc6 3. d4 cxd4 4. Nxd4 Nf6 5. Nc3 g6 6. e4 Bg7 7. Be2 O-O 8. Be3
d6 9. O-O Nxd4 10. Bxd4 Bd7 11. Re1 Bc6 12. Bd3 a5 13. Nd5 Nd7 14. Bxg7 Kxg7 15.
Re3 e6 16. Nc3 a4 17. Be2 Nc5 18. Qd2 f5 19. exf5 Rxf5 20. Rd1 Qh4 21. Qd4+ Qxd4
22. Rxd4 Raf8 23. f3 Re5 24. Kf2 Rxe3 25. Kxe3 Rd8 26. h4 Kf6 27. g4 Ke7 28. Rd1
Rf8 29. f4 b6 30. g5 h6 31. gxh6 Rh8 32. Bf3 Be8 33. Ne4 Nxe4 34. Bxe4 Rxh6 35.
Rh1 Rh5 36. Bf3 Rc5 37. Be2 b5 38. Rc1 e5 39. b4 axb3 40. axb3 exf4+ 41. Kxf4
bxc4 42. Rxc4 Rf5+ 43. Ke3 Bf7 44. Re4+ Kf6 45. b4 g5 46. h5 d5 47. Rd4 Re5+ 48.
Kd2 g4 49. h6 Rh5 50. b5 Rxh6 51. b6 Rh8 52. Rxg4 Rb8 53. Rb4 Ke5 54. b7 Kd6 55.
Ba6 Be8 56. Kc3 Bc6 57. Kd4 Kc7 58. Kc5 Bxb7 59. Bxb7 Rxb7 60. Rxb7+ Kxb7 61.
Kxd5 1/2-1/2

[Event "PRO League Group Stage"]
[Site "chess.com INT"]
[Date "2019.03.07"]
[Round "9"]
[White "Petrosian, Tigran L."]
[Black "Zhai, Mo"]
[Result "1-0"]
[WhiteTitle "GM"]
[BlackTitle "WGM"]
[WhiteElo "2598"]
[BlackElo "2365"]
[WhiteTeam "Seattle Sluggers"]
[BlackTeam "Chengdu Pandas"]
[WhiteFideId "13301616"]
[BlackFideId "8600201"]
[EventDate "2019.01.08"]

1. Nf3 d5 2. g3 Nf6 3. Bg2 g6 4. c4 c6 5. cxd5 cxd5 6. d4 Bg7 7. Nc3 Nc6 8. Ne5
O-O 9. O-O Bf5 10. Nxc6 bxc6 11. Bf4 Nd7 12. Rc1 Qb6 13. Na4 Qxd4 14. Qxd4 Bxd4
15. Rxc6 e6 16. Rd1 e5 17. Bxd5 Rac8 18. Bh6 Rxc6 19. Bxc6 Rc8 20. Rc1 Nc5 21.
b4 Rxc6 22. Nxc5 Bxc5 23. bxc5 f6 24. f3 Kf7 25. Kf2 Be6 26. a3 Bd5 27. e4 Ba2
28. Rc2 Be6 29. Be3 g5 30. g4 Kg6 31. Bd2 Bc8 32. Ba5 Kf7 33. Ke3 Ba6 34. Bb4
Bb5 35. h4 gxh4 36. Kf2 h3 37. Kg3 Bf1 38. Rc1 Bg2 39. a4 Ke6 40. a5 Kd7 41.
Rd1+ Kc8 42. Rd5 Re6 43. Rd3 Bf1 44. Rd1 Bg2 45. Bd2 Kc7 46. Bc3 Kc6 47. Bb4 Kc7
48. Kf2 Kc8 49. Bd2 Re7 50. Bh6 Re6 51. Bf8 Kc7 52. Bd6+ Kc6 53. Rb1 Re8 54. a6
h5 55. gxh5 Rh8 56. Bb8 Rxh5 57. Bxa7 Rg5 58. Bb8 Rg7 59. a7 Rxa7 60. Bxa7 Kc7
61. Rd1 1-0

[Event "PRO League Group Stage"]
[Site "chess.com INT"]
[Date "2019.03.07"]
[Round "9"]
[White "Wang, Yue"]
[Black "Margvelashvili, Giorgi"]
[Result "1/2-1/2"]
[WhiteTitle "GM"]
[BlackTitle "GM"]
[WhiteElo "2684"]
[BlackElo "2530"]
[WhiteTeam "Chengdu Pandas"]
[BlackTeam "Seattle Sluggers"]
[WhiteFideId "8601429"]
[BlackFideId "13602926"]
[EventDate "2019.01.08"]

1. Nf3 Nf6 2. c4 c5 3. Nc3 b6 4. g3 Bb7 5. Bg2 e6 6. O-O a6 7. Re1 Be7 8. e4 d6
9. d4 cxd4 10. Nxd4 Qc7 11. Be3 Nbd7 12. Rc1 O-O 13. b3 Rac8 14. f4 Qb8 15. Bf2
Qa8 16. Qe2 Rfe8 17. g4 g6 18. g5 Nh5 19. Qd2 Rcd8 20. Nde2 Nc5 21. Ng3 Nxg3 22.
hxg3 Bf8 23. b4 Nd7 24. a3 Rc8 25. Qd3 Red8 26. Na4 Qb8 27. Qe3 b5 28. cxb5 axb5
29. Nb6 Rxc1 30. Rxc1 d5 31. exd5 Nxb6 32. Qxb6 Bxd5 33. Qxb8 Rxb8 34. Bxd5 exd5
35. Rc7 Rd8 36. Kf1 d4 37. Ke2 d3+ 38. Kd1 h6 39. Bc5 hxg5 40. fxg5 Bg7 41. Be7
Ra8 42. Kd2 Rxa3 43. g4 Be5 44. Rc8+ Kh7 45. Bf6 Bxf6 46. gxf6 g5 47. Rc5 Kg6
48. Rxb5 Kxf6 49. Rf5+ Kg6 50. Rd5 Rb3 51. Rd4 f6 52. Ke3 Kf7 53. Re4 f5 54.
gxf5 Kf6 55. Rd4 Kxf5 56. Rxd3 Rxb4 57. Kf3 Rf4+ 58. Kg2 Rg4+ 59. Kf2 Rf4+ 60.
Kg2 Rg4+ 61. Kf2 1/2-1/2

[Event "PRO League Group Stage"]
[Site "chess.com INT"]
[Date "2019.03.07"]
[Round "9"]
[White "Xu, Xiangyu"]
[Black "Lampman, Becca"]
[Result "1-0"]
[WhiteTitle "GM"]
[WhiteElo "2567"]
[BlackElo "2030"]
[WhiteTeam "Chengdu Pandas"]
[BlackTeam "Seattle Sluggers"]
[WhiteFideId "8608288"]
[BlackFideId "2082128"]
[EventDate "2019.01.08"]

1. e4 c5 2. Nf3 e6 3. d4 cxd4 4. Nxd4 Nc6 5. Nc3 Qc7 6. Be3 a6 7. Qf3 Nf6 8.
O-O-O Bb4 9. Nxc6 Qxc6 10. Bd4 Bxc3 11. Bxc3 Qxe4 12. Qxe4 Nxe4 13. Bxg7 Rg8 14.
Bd4 d5 15. f3 Nd6 16. g4 Bd7 17. Bd3 f5 18. Bc5 Nf7 19. gxf5 exf5 20. Rhe1+ Kd8
21. Bb6+ Kc8 22. Re7 Nd6 23. Rxh7 Re8 24. Rg1 Be6 25. Rg6 1-0

[Event "PRO League Group Stage"]
[Site "chess.com INT"]
[Date "2019.03.07"]
[Round "9"]
[White "Gorovets, Andrey"]
[Black "Safarli, Eltaj"]
[Result "0-1"]
[WhiteTitle "GM"]
[BlackTitle "GM"]
[WhiteElo "2509"]
[BlackElo "2681"]
[WhiteTeam "Dallas Destiny"]
[BlackTeam "San Jose Hackers"]
[WhiteFideId "13504037"]
[BlackFideId "13402129"]
[EventDate "2019.01.08"]

1. Nf3 Nf6 2. g3 g6 3. b3 Bg7 4. Bb2 d5 5. c4 Nc6 6. cxd5 Qxd5 7. Nc3 Qh5 8. h3
O-O 9. Bg2 Rd8 10. d3 Ne4 11. Qc1 Nd6 12. a3 a5 13. Na4 Bxb2 14. Qxb2 e5 15. g4
Qh6 16. Nxe5 Nxe5 17. Qxe5 Re8 18. Qb2 Qg5 19. Rc1 Nf5 20. Be4 Nd6 21. Bf3 Qf4
22. Kf1 Bd7 23. Nc5 Bc6 24. Bxc6 bxc6 25. Rc2 Nb5 26. Ne4 Rxe4 27. dxe4 Rd8 28.
Qc1 Qxe4 29. f3 Qe6 30. Rd2 Re8 31. Qc4 Qe3 32. Qd3 Qe7 33. a4 Nd6 34. Kg2 c5
35. Rc2 h5 36. Qd5 Qe3 37. Rd1 h4 38. Qxc5 Qxb3 39. Rdd2 Qxa4 40. Rd4 Qa1 41.
Rdd2 Re6 42. Ra2 Qf6 43. Qf2 Nc4 44. Rd3 Qf4 45. Qxh4 Ne3+ 46. Kf2 Qh2+ 47. Ke1
Ng2+ 0-1

[Event "PRO League Group Stage"]
[Site "chess.com INT"]
[Date "2019.03.07"]
[Round "9"]
[White "Zhou, Jianchao"]
[Black "Chirila, Ioan-Cristian"]
[Result "1-0"]
[WhiteTitle "GM"]
[BlackTitle "GM"]
[WhiteElo "2609"]
[BlackElo "2566"]
[WhiteTeam "Dallas Destiny"]
[BlackTeam "San Jose Hackers"]
[WhiteFideId "8603537"]
[BlackFideId "1211668"]
[EventDate "2019.01.08"]

1. d4 Nf6 2. c4 g6 3. Nc3 d5 4. Nf3 Bg7 5. cxd5 Nxd5 6. e4 Nxc3 7. bxc3 c5 8.
Be3 Qa5 9. Qd2 O-O 10. Rc1 Bg4 11. d5 b5 12. Be2 Nd7 13. c4 b4 14. O-O Qb6 15.
h3 Bxf3 16. Bxf3 a5 17. Be2 a4 18. f4 b3 19. e5 b2 20. Rb1 a3 21. h4 Rfd8 22. h5
f6 23. e6 Nf8 24. f5 gxf5 25. h6 Bh8 26. Qc2 Ng6 27. Rxf5 Qd6 28. Bh5 Ne5 29.
Bf4 1-0

[Event "PRO League Group Stage"]
[Site "chess.com INT"]
[Date "2019.03.07"]
[Round "9"]
[White "Yoo, Christopher Woojin"]
[Black "Wheeler, Cameron"]
[Result "1-0"]
[WhiteTitle "FM"]
[BlackTitle "IM"]
[WhiteElo "2388"]
[BlackElo "2417"]
[WhiteTeam "San Jose Hackers"]
[BlackTeam "Dallas Destiny"]
[WhiteFideId "30909694"]
[BlackFideId "2060531"]
[EventDate "2019.01.08"]

1. e4 e6 2. d4 d5 3. Nc3 Bb4 4. e5 c5 5. a3 Bxc3+ 6. bxc3 Ne7 7. Qg4 Qc7 8. Qxg7
Rg8 9. Qxh7 cxd4 10. Ne2 Nbc6 11. f4 dxc3 12. Qd3 d4 13. Nxd4 Nxd4 14. Qxd4 Bd7
15. Rg1 Nf5 16. Qf2 Qc6 17. Bd3 Qd5 18. Be3 Nxe3 19. Qxe3 Rxg2 20. Rxg2 Qxg2 21.
Be4 Qxh2 22. O-O-O Bc6 23. Qf3 Bxe4 24. Qxe4 Qf2 25. Qa4+ Kf8 26. Qb4+ Kg7 27.
Qxc3 Qxf4+ 28. Kb2 Qf2 29. Rd4 Qe2 30. Qg3+ Kf8 31. Rh4 Qb5+ 32. Ka1 Qf1+ 33.
Ka2 Ke7 34. Qg5+ Kd7 35. Qd2+ Kc6 36. Qd6+ Kb5 37. Rb4+ Ka5 38. Qc5+ b5 39. Ra4+
Kxa4 40. Qb4# 1-0

[Event "PRO League Group Stage"]
[Site "chess.com INT"]
[Date "2019.03.07"]
[Round "9"]
[White "Taghizadeh, Rayan"]
[Black "Javakhadze, Zurab"]
[Result "0-1"]
[WhiteTitle "FM"]
[BlackTitle "IM"]
[WhiteElo "2298"]
[BlackElo "2449"]
[WhiteTeam "San Jose Hackers"]
[BlackTeam "Dallas Destiny"]
[WhiteFideId "2054019"]
[BlackFideId "13603647"]
[EventDate "2019.01.08"]

1. d4 d5 2. Bf4 Nf6 3. e3 g6 4. Nc3 Bg7 5. h4 h6 6. Nf3 c6 7. Bd3 Nbd7 8. Ne5
Qb6 9. Rb1 Nf8 10. b4 N6d7 11. Nf3 f6 12. e4 dxe4 13. Nxe4 f5 14. Nc5 Nxc5 15.
bxc5 Qa5+ 16. Qd2 Qxd2+ 17. Kxd2 Ne6 18. Be5 Bxe5 19. Nxe5 Nxd4 20. Nxg6 Rg8 21.
h5 Rg7 22. Bc4 Be6 23. Bxe6 Nxe6 24. Rxb7 O-O-O+ 0-1

[Event "PRO League Group Stage"]
[Site "chess.com INT"]
[Date "2019.03.07"]
[Round "9"]
[White "Naroditsky, Daniel"]
[Black "Tang, Andrew"]
[Result "0-1"]
[WhiteTitle "GM"]
[BlackTitle "GM"]
[WhiteElo "2616"]
[BlackElo "2487"]
[WhiteTeam "San Francisco Mechanics"]
[BlackTeam "Minnesota Blizzard"]
[WhiteFideId "2026961"]
[BlackFideId "2059630"]
[EventDate "2019.01.08"]

1. b3 d5 2. Bb2 c5 3. e3 Nc6 4. Nf3 Nf6 5. Bb5 Qb6 6. c4 dxc4 7. Bxc4 Bg4 8. Nc3
e6 9. h3 Bh5 10. g4 Bg6 11. Nh4 Be7 12. g5 Ne4 13. Nxg6 Nxc3 14. Bxc3 hxg6 15.
Qg4 Nb4 16. O-O Rh7 17. d4 cxd4 18. Bxd4 Qa5 19. Bc3 Qc5 20. Rac1 Nc6 21. h4 Qf5
22. Qg3 Qe4 23. f4 Bc5 24. Rce1 Ne7 25. Qf3 Qxf3 26. Rxf3 Nf5 27. Rh3 Rc8 28.
Kf2 a6 29. a4 Ke7 30. Ke2 b5 31. axb5 axb5 32. Bxb5 Nxe3 33. Rc1 Nf5 34. b4 Bd6
35. Bf6+ gxf6 36. Rxc8 Nd4+ 37. Kd3 Nxb5 38. Kc4 Nc7 39. b5 Nd5 40. Kb3 Nxf4 41.
Rhc3 Rxh4 42. gxf6+ Kxf6 43. R8c4 Rh8 44. Rc6 Be5 45. R3c5 g5 46. b6 g4 47. b7
g3 48. Rc8 g2 49. Rxe5 g1=Q 50. b8=Q Qb1+ 51. Kc4 Qxb8 52. Rxb8 Rxb8 53. Rc5 Nd5
54. Ra5 Rb4+ 55. Kd3 Ke5 56. Ra7 f5 57. Ra3 f4 58. Kd2 Rd4+ 59. Ke2 Ke4 60. Kf2
e5 61. Ke2 f3+ 62. Kf2 Rd2+ 63. Ke1 Re2+ 64. Kf1 Ne3+ 0-1

[Event "PRO League Group Stage"]
[Site "chess.com INT"]
[Date "2019.03.07"]
[Round "9"]
[White "Zierk, Steven"]
[Black "Beerdsen, Thomas"]
[Result "0-1"]
[WhiteTitle "GM"]
[BlackTitle "IM"]
[WhiteElo "2510"]
[BlackElo "2484"]
[WhiteTeam "San Francisco Mechanics"]
[BlackTeam "Minnesota Blizzard"]
[WhiteFideId "2034255"]
[BlackFideId "1030108"]
[EventDate "2019.01.08"]

1. e4 c5 2. Nf3 e6 3. d4 cxd4 4. Nxd4 Nc6 5. Nc3 Qc7 6. Be3 a6 7. Qf3 Ne5 8. Qg3
h5 9. h4 Nf6 10. Bf4 d6 11. O-O-O Bd7 12. Be2 Rc8 13. Kb1 b5 14. a3 Be7 15. Bg5
Qb7 16. f4 Nc4 17. Nb3 Qc7 18. Rd3 a5 19. e5 b4 20. exf6 gxf6 21. Bxf6 Bxf6 22.
Ne4 Bxb2 23. c3 Ba4 24. Qg7 Bxb3 25. Qxh8+ Kd7 26. Qxh5 bxa3 27. Qb5+ Kd8 28.
Qxb3 Rb8 29. Qxc4 Bxc3+ 30. Kc1 Rb1+ 31. Kxb1 Qb6+ 0-1

[Event "PRO League Group Stage"]
[Site "chess.com INT"]
[Date "2019.03.07"]
[Round "9"]
[White "Mitkov, Nikola"]
[Black "Macieja, Bartlomiej"]
[Result "1-0"]
[WhiteTitle "GM"]
[BlackTitle "GM"]
[WhiteElo "2477"]
[BlackElo "2509"]
[WhiteTeam "Minnesota Blizzard"]
[BlackTeam "San Francisco Mechanics"]
[WhiteFideId "15000290"]
[BlackFideId "1104306"]
[EventDate "2019.01.08"]

1. e4 c5 2. Nc3 g6 3. Nf3 Bg7 4. d4 cxd4 5. Nxd4 Nc6 6. Be3 Nf6 7. f4 e5 8. Ndb5
O-O 9. Be2 a6 10. Nd6 exf4 11. Bxf4 Ne8 12. Qd2 Ne5 13. O-O-O Qe7 14. Nxe8 Rxe8
15. Nd5 Qc5 16. Bh6 d6 17. Bxg7 Kxg7 18. Qf4 Be6 19. h4 Rac8 20. c3 Bxd5 21.
Rxd5 Qc7 22. h5 Qe7 23. Qd2 Rc6 24. Rd1 Rd8 25. Qd4 Qg5+ 26. Kb1 f6 27. hxg6
hxg6 28. Qf2 Rd7 29. a4 Rd8 30. a5 Rd7 31. R1d4 Rd8 32. g3 Rd7 33. Qf4 Qh6 34.
Ka2 Qh2 35. Rd2 Qg1 36. Bd1 Qh1 37. Ba4 Qg1 38. Bxc6 Nxc6 39. Rxd6 Rf7 40. Rd7
Qc5 41. Rxf7+ Kxf7 42. Qc7+ Kg8 43. Rd7 Qc4+ 44. Ka1 Qf1+ 45. Ka2 Qc4+ 46. Ka3
Qc5+ 47. Ka2 Qc4+ 48. b3 Qxc3 49. Qc8+ 1-0

[Event "PRO League Group Stage"]
[Site "chess.com INT"]
[Date "2019.03.07"]
[Round "9"]
[White "Jacobson, Brandon"]
[Black "Hong, Andrew"]
[Result "1-0"]
[WhiteTitle "IM"]
[BlackTitle "FM"]
[WhiteElo "2404"]
[BlackElo "2390"]
[WhiteTeam "Minnesota Blizzard"]
[BlackTeam "San Francisco Mechanics"]
[WhiteFideId "30901561"]
[BlackFideId "2099438"]
[EventDate "2019.01.08"]

1. b4 e5 2. Bb2 Bxb4 3. Bxe5 Nf6 4. Nf3 O-O 5. e3 d5 6. c4 c5 7. cxd5 Nxd5 8.
Be2 Nc6 9. Bb2 Re8 10. O-O Bf5 11. d3 Bg6 12. a3 Ba5 13. Nbd2 Nc3 14. Bxc3 Bxc3
15. Rc1 Bb2 16. Rb1 Bxa3 17. Rxb7 Bb4 18. Nc4 Na5 19. Nxa5 Qxa5 20. Qa1 Qxa1 21.
Rxa1 a5 22. Nh4 Reb8 23. Rxb8+ Rxb8 24. Nxg6 hxg6 25. h4 Bc3 26. Ra2 Rb1+ 27.
Kh2 Kf8 28. Bf3 Ke7 29. Bd5 f6 30. Kg3 Kd6 31. Bf7 g5 32. hxg5 fxg5 33. Kg4 Ke7
34. Bc4 Kf6 35. g3 Re1 36. Ra3 Bb4 37. Ra4 Re2 38. Ra2 Re1 39. e4 Rg1 40. Re2
Bc3 41. Re3 a4 42. Rf3+ Ke7 43. Rf7+ Kd6 44. Ra7 Bd4 45. Ra6+ Kd7 46. Kxg5 Bxf2
47. g4 Ra1 48. Bb5+ Ke7 49. Bxa4 Bd4 50. Kg6 Rg1 51. g5 Be3 52. Ra7+ Kd6 53.
Kxg7 Bxg5 54. Kf7 Bf4 55. Rd7+ Ke5 56. Rd5# 1-0